000 01542cam a2200409Ia 4500
001 76981
005 20230410124219.0
008 030915s2002 sp b 001 0 spa d
035 _a(OCoLC)ocm53024028
040 _aUIA
_bspa
_cUIA
_dU@S
_dOCLCQ
_dBAKER
_dYDXCP
_dZZAND
_dBNM
020 _a8449313244
020 _a9788449313240
035 _a(OCoLC)53024028
041 1 _aspa
_heng
050 1 4 _aP 93.5
_bD221c 2002
049 _aGRAL
100 1 _aDarley, Andrew.
245 1 0 _aCultura visual digital :
_bespectáculo y nuevos géneros en los medios de comunicación /
_cAndrew Darley.
260 _aBarcelona :
_bPaidós,
_c2002.
300 _a333 p. ;
_c23 cm.
440 0 _aPaidós Comunicación.
_pCine ;
_v139
500 _aTraducción de: Visual digital culture : surface play and spectacle in new media genres.
504 _aIncluye referencias bibliográficas (p. [307]-319) e âindice.
650 0 _aVisual communication
650 0 _aComputer games
_xSocial aspects.
650 0 _aVideo games
_xSocial aspects.
650 0 _aVideo recordings
_xSocial aspects.
650 4 _aJuegos de computadora
_xAspectos sociales.
650 4 _aJuegos de video
_xAspectos sociales.
650 4 _aVideograbaciones
_xAspectos sociales.
650 7 _aJuegos de ordenador
_xAspectos sociales.
_2embne
650 7 _aVideojuegos
_xAspectos sociales.
_2embne
938 _aYBP Library Services
_bYANK
_n2660284
938 _aBaker & Taylor
_bBKTY
_c35.95
_d35.95
_i8449313244
_n0006607153
_sactive
942 _2lcc
_cbk
994 _aC0
_bDRFGD
999 _c73260
_d73260